How many times can you type UZBEKISTAN in 15 Seconds? - Statistics

General Stats
  • This quiz has been taken 23,799 times
  • The average score is 49 of 100
Answer Stats
Letter % Correct
U
100%
Z
97%
B
95%
E
94%
K
93%
I
92%
A
91%
S
91%
T
91%
N
90%
U
89%
Z
87%
B
86%
E
85%
K
85%
I
84%
A
83%
S
83%
T
83%
N
82%
U
81%
Z
80%
B
79%
E
79%
K
78%
I
77%
S
77%
A
76%
T
76%
N
75%
U
74%
Z
72%
B
71%
E
70%
K
69%
I
68%
S
68%
T
67%
A
66%
N
66%
U
63%
Z
62%
B
60%
E
59%
K
58%
I
56%
S
56%
T
55%
A
54%
N
53%
U
50%
Z
49%
B
47%
E
46%
K
44%
I
43%
S
42%
T
41%
A
40%
N
40%
U
36%
Z
34%
B
32%
E
31%
K
30%
I
28%
S
28%
T
27%
A
26%
N
25%
U
22%
Z
21%
B
20%
E
19%
K
18%
I
17%
S
16%
T
16%
A
15%
N
15%
U
13%
Z
12%
B
11%
E
11%
K
10%
I
9%
S
9%
T
9%
A
8%
N
8%
U
7%
Z
7%
B
6%
E
6%
K
6%
A
5%
I
5%
N
5%
S
5%
T
5%
No matching quizzes found
Score Distribution
Percent of People with Each Score
Percentile by Number Answered
Your Score History
You have not taken this quiz